00736nam a2200241 a 4500001001300000003000900013005001700022008004100039020002300080082001600103100002600119245003700145260003400182300000900216500003500225505002400260650003700284700002600321902000800347942000700355952011700362999001500479nice12345678IN_TiNIC20260116012259.0050524s1992 u ka grp 000 0 eng  a0860370 c10000a330.12bCHA aChapra, Muhammad Umar aIslam and the Economic Challenge aU KbIslamic Foundationc1992 a428p aincludes index and biblioraphy2 aBibliography, Index aEconomics-Religious Aspect-Islam1 aChapra, Muhammad Umar bSRS cBK 001040708StackRoom-aHMIbHMId2007-04-30g100.00l0o330.12 CHAp014905r2007-04-30v100.00w2005-05-24yBK c6370d6370